| 000 | 00662nam a22002177a 4500 | ||
|---|---|---|---|
| 999 |
_c4884 _d4884 |
||
| 003 | AR-CdUCM | ||
| 008 | 190311b ||||| |||| 00| 0 spa d | ||
| 040 |
_aMUNICIPALIDAD PROVINCIAL DEL CUSCO _cBIBLIOTECA MUNICIPAL DEL CUSCO |
||
| 082 |
_a869.99 / _bC68 |
||
| 100 |
_aClarke, Austin _915018 |
||
| 245 | _aGrowing up stupid under the union jack / | ||
| 260 |
_aLa Habana : _bCasa de las Américas, _c1980. |
||
| 300 |
_a188 paginas ; _c19 cm. |
||
| 505 | _aNovela | ||
| 650 |
_aNovelas barbadenses _915019 |
||
| 650 |
_aLiteratura antillana _915020 |
||
| 650 |
_aNovelas policĂacas _92100 |
||
| 650 |
_aSiglo XX. _98 |
||
| 942 |
_2ddc _cLIBROS |
||
| 945 | _aacv | ||